000 00617nam a22002417a 4500
003 UA-OsUOA
001 26750
007 ta
008 20040609b un ||||| |||| 00| 0 ukr d
100 _aГагарін Ю.О.
090 _a621
_bГ12
942 _cBK
040 _aUA-OsUOA
_bukr
_cUA-OsUOA
_dUA-OsUOA
245 _aДорога в космос
_bНотатки льотчика-космонавта СРСР
300 _a325 с.
955 _a0
041 _aukr
080 _a621
260 _aКиїв
_bПолітвидав України
_c1983
044 _aUA
650 7 _2UDC
999 _c313078
_d313078